000 00574nam a2200193Ia 4500
005 20250326144754.0
008 250326s9999 xx 000 0 und d
020 _a0-324-04958-7
037 _aTextbook
040 _aFMSL
_beng
_cFMSL
041 _aeng
_2eng
084 _aSNIobX:8 P2
_qFMSL
100 _aPierce J L
_9743943
245 0 _aManagement and organizational behavior
_cPierce J L; Gardner D G
260 _aUnited Kingdom
_bUnited Kingdom, Thomson Learning
_c2002
300 _a255p
942 _cTB
_hSNIobX:8 P2
999 _c1304989
_d1304989